Vocabulary - Statistics

General Stats
  • This quiz has been taken 27 times
  • The average score is 35 of 36
Answer Stats
Question Tile Select % Correct
Animals Bag No
100%
Animals Bedroom No
100%
Colors Black Yes
100%
Colors Blue Yes
100%
Colors Brother No
100%
Colors Brown Yes
100%
Colors Garden No
100%
Animals Grandfather No
100%
Colors House No
100%
Colors Mother No
100%
Colors Pig No
100%
Colors Pink Yes
100%
Colors Red Yes
100%
Animals Table No
100%
Colors White Yes
100%
Colors Yellow Yes
100%
Family Brother Yes
96%
Family Car No
96%
Animals Cat Yes
96%
Family City No
96%
Animals Cow Yes
96%
Animals Dog Yes
96%
Family Door No
96%
Family Dress No
96%
Family Glass No
96%
Family Grandmother Yes
96%
Animals Green No
96%
Animals Horse Yes
96%
Family Mother Yes
96%
Family Picture No
96%
Animals Purple No
96%
Animals Rabbit Yes
96%
Family Sister Yes
96%
Family Window No
96%
Family Father Yes
92%
Animals Spider Yes
92%
No matching quizzes found
Score Distribution
Percent of People with Each Score
Percentile by Number Answered
Your Score History
You have not taken this quiz